000 00616nam a22002057a 4500
003 OSt
005 20140310182348.0
008 130928t xxu||||| |||| 00| 0 eng d
020 _a067132828X
050 _aGV 859.8
_b.W44 1977
082 _aGS 796.21
_bW43 1977
100 _aWeir, Lavada
_922064
245 _aSkateboards and skateboarding :
_bthe complete beginner's guide /
_cLa Vada Weir.
260 _aNew York :
_bJulian Messner,
_cc1977.
300 _a128 p. :
_bill, ;
_c22 cm.
541 _j1
562 _e1
650 _aSkateboarding
_xJuvenile literature.
_922065
942 _2lcc
_cBK-GS
999 _c12281
_d12281